100 pokémons de la génération II - Par image - Statistiques

Statistiques générales
  • Ce quiz a été pris 639 fois
  • Le résultat moyen est 77 sur 100
Statistiques - réponses
Par images Réponse % Correct
Noctali
94%
Héricendre
93%
Pichu
93%
Mentali
92%
Zarbi
91%
Kaiminus
90%
Togepi
90%
Germignon
88%
Lugia
88%
Capumain
87%
Mélo
87%
Steelix
87%
Celebi
86%
Ho-oh
86%
Nostenfer
86%
Simularbre
86%
Typhlosion
86%
Axoloto
85%
Hoothoot
85%
Marill
85%
Suicune
85%
Azumarill
84%
Cornèbre
84%
Entei
84%
Hyporoi
84%
Aligatueur
83%
Démolosse
83%
Natu
83%
Airmure
82%
Ecrémeuh
82%
Pharamp
82%
Qulbutoké
82%
Roigada
82%
Ursaring
82%
Coxy
81%
Porygon 2
81%
Feuforêve
80%
Girafarig
80%
Méganium
80%
Mimigal
80%
Raikou
80%
Tyranocif
80%
Xatu
80%
Farfuret
79%
Insolourdo
79%
Lainergie
79%
Limagma
79%
Cizayox
78%
Elekid
78%
Maraiste
78%
Fouinette
76%
Loupio
76%
Scarhino
76%
Feurisson
75%
Malosse
75%
Teddiursa
75%
Yanma
75%
Corayon
74%
Noarfang
74%
Cadoizo
73%
Cerfrousse
73%
Embrylex
73%
Magby
73%
Pomdepik
73%
Coxyclaque
72%
Kapoera
72%
Marcacrin
72%
Scorplane
72%
Wattouat
72%
Fouinar
71%
Granivol
71%
Toudoudou
71%
Crocrodil
70%
Granbull
70%
Joliflor
70%
Lippouti
70%
Macronium
70%
Migalos
70%
Qwilfish
70%
Togetic
70%
Volcaropod
70%
Cotovol
69%
Donphan
69%
Lanturn
69%
Leuphorie
69%
Queulorior
69%
Ymphect
68%
Cochignon
67%
Snubbull
67%
Débugant
66%
Démanta
66%
Floravol
66%
Héliatronc
66%
Phanpy
66%
Rémoraid
65%
Tarpaud
65%
Foretress
64%
Octillery
64%
Tournegrin
63%
Caratroc
60%
Aucun quiz correspondant
Distribution des résultats
% des personnes avec chaque résultat
Percentile par nombre de réponses
Votre historique - résultats
Vous n’avez pas pris ce quiz